LEADER 00867cam0-2200301---450- 001 990005085300403321 005 20110614104527.0 035 $a000508530 035 $aFED01000508530 035 $a(Aleph)000508530FED01 035 $a000508530 100 $a19990604d1929----km-y0itay50------ba 101 2 $afre$ager 102 $aFR 105 $a--------001by 200 1 $aSapho$fGrillparzer$gtexte traduit et présenté par Auguste Ehrhard 210 $aParis$cEditions Montaigne$d1929 215 $aXXXII, 95 p.$d19 cm 225 1 $aCollection bilingue des classiques étrangers 676 $a832.7 700 1$aGrillparzer,$bFranz$f<1791-1892>$0131814 801 0$aIT$bUNINA$gRICA$2UNIMARC 901 $aBK 912 $a990005085300403321 952 $a833.7 GRIL 2(1FR)$bIst.f.m.2651$fFLFBC 959 $aFLFBC 996 $aSapho$9536599 997 $aUNINA LEADER 00943nam0-22003131i-450- 001 990005679720403321 005 20080222120444.0 035 $a000567972 035 $aFED01000567972 035 $a(Aleph)000567972FED01 035 $a000567972 100 $a19990604d1929----km-y0itay50------ba 101 0 $afre 102 $aFR 105 $ay-------001yy 200 1 $a<>théories de l'induction et de l'expérimentation$fAndré Lalande 210 $aParis$cBoivin & C.ie$d1929 215 $aVI, 287 p.$d19 cm 225 1 $aBibliothèque de la revue des cours et confèrences 610 0 $aInduzione logica 676 $a161$v21$zita 700 1$aLalande,$bAndré$0385860 801 0$aIT$bUNINA$c20050622$gRICA$2UNIMARC 901 $aBK 912 $a990005679720403321 952 $aP.1 EM 160$bIst. st. fil. 397$fFLFBC 959 $aFLFBC 996 $aThéories de l'induction et de l'expérimentation$9600992 997 $aUNINA LEADER 01138nam--2200397---450- 001 990002460690203316 005 20060929141700.0 010 $a88-240-3544-2 035 $a000246069 035 $aUSA01000246069 035 $a(ALEPH)000246069USA01 035 $a000246069 100 $a20050808d2004----km-y0itay0103----ba 101 $aita 102 $aIT 105 $aa|||||||001yy 200 1 $aVia Amerina$fDaniela Cavallo 210 $aRoma$cIstituto Poligrafico e Zecca dello Stato$cLibreria dello Stato$dcopyr. 2004 215 $a135 p.$ctav., ill.$d24 cm 225 2 $aAntiche strade$iLazio 410 0$12001$aAntiche strade$iLazio 454 1$12001 461 1$1001-------$12001 607 $aVia Amerina$yLazio 676 $a914.562 700 1$aCAVALLO,$bDaniela$0573696 801 0$aIT$bsalbc$gISBD 912 $a990002460690203316 951 $aIII.1. 2899(I C 431)$b180227 L.M.$cI C$d00129224$bDLAS 959 $aBK 969 $aUMA 969 $aDLAS 979 $aVITALE$b90$c20050808$lUSA01$h1540 979 $aCOPAT7$b90$c20060929$lUSA01$h1417 996 $aVia Amerina$91057334 997 $aUNISA LEADER 01437nam0M2200349--I450- 001 990002419720203316 005 20091112093113.0 035 $a000241972 035 $aUSA01000241972 035 $a(ALEPH)000241972USA01 035 $a000241972 100 $a20050512d1996----||itac01 ba 101 $aeng 102 $aUS 105 $ay|||z|||001yy 200 1 $aMultilateral trade agreements subject to the WTO dispute settlement understanding (DSU) and additional international agreements on civil aircraft, government procurement, dairy, and bovine meat$fFrank Warren Swacker, Kenneth Robert Redden, Larry B. Wenger 210 $aCharlottesville$cMichie$d1996 215 $aV, 515 p.$d25 cm. 606 0 $aCommercio$xAccordi internazionale 676 $a341.754 700 1$aSWACKER,$bFrank Warren$0572839 701 1$aREDDEN,$bKenneth R.$0244473 701 1$aWENGER,$bLarry B.$0572442 801 0$aIT$bICCU$gISBD$c20040213 912 $a990002419720203316 951 $aXXIII.1.A. 231 (IG VIII 16 ING 1048)$b45930 G.$cXXIII.1.A. 231 (G VIII 16)$d00116707 959 $aBK 969 $aGIU 979 $aCHIARA$b90$c20050512$lUSA01$h1407 979 $aRSIAV2$b90$c20091112$lUSA01$h0931 996 $aMultilateral trade agreements subject to the WTO dispute settlement understanding (DSU) and additional international agreements on civil aircraft, government procurement, dairy, and bovine meat$91065739 997 $aUNISA LEADER 03266nam0 2200601 i 450 001 CFI0005657 005 20251003044106.0 010 $a8815000585 100 $a19860107d1983 ||||0itac50 ba 101 | $aita 102 $ait 181 1$6z01$ai $bxxxe 182 1$6z01$an 200 1 $aˆLa ‰transizione dall'economia di guerra all'economia di pace in Italia e in Germania dopo la prima guerra mondiale$fa cura di Peter Hertner e Giorgio Mori 210 $aBologna$cIl mulino$d1983 215 $a703 p.$d22 cm. 225 | $aAnnali dell'Istituto storico italo-germanico.$i Quaderno$v11 300 $aConvegno tenuto a Trento nel 1981. [[SCH 3523 314 $aSC/ 16/12/03$9CFIV004194 410 0$1001RAV0018564$12001 $aAnnali dell'Istituto storico italo-germanico.$i Quaderno$v11$171202$aIstituto storico italo-germanico$3CFIV004198 606 $aITALIA$xECONOMIA$x1914-1924$xSAGGI$2FIR$3MILC015135$9I 606 $aGERMANIA$xECONOMIA$x1914-1924$xSAGGI$2FIR$3MILC015136$9I 676 $a330.943085$9SITUAZIONI E CONDIZIONI ECONOMICHE. GERMANIA. 1918-1933$v19 676 $a330.943085$9$v21 676 $a330.945$9SITUAZIONI E CONDIZIONI ECONOMICHE. ITALIA$v12 676 $a330.945$9SITUAZIONI E CONDIZIONI ECONOMICHE. ITALIA$v19 676 $a330.9450914$9SITUAZIONE E CONDIZIONI ECONOMICHE. ITALIA. 1918-1922$v20 686 $a13.2$cPRIMO DOPOGUERRA E RICONVERSIONE 1918-1922$2R 686 $aDE/043.0$cECONOMIA E SOCIETA GERMANIA 1900-1918$2R 686 $aDE/143.0$cECONOMIA E SOCIETA GERMANIA 1918-1933$2R 686 $aIT/0430.2$cECONOMIA DI GUERRA ITALIA 1900-1918$2R 686 $aIT/1430.2$cRICONVERSIONE INDUSTRIALE ITALIA 1918-1922$2R 686 $aSe.i.8.0$cStoria dell'economia italiana. 1915-1918. L'economia di guerra$2F 686 $aX0.8/1981$cCONFERENZE CONGRESSI CONVEGNI (ATTI DI) 1981$2R 696 $aEconomia reale$aAttività economiche$aAspetti economici 696 $aEconomia reale$aAttività economiche$aAspetti economici 699 $aEconomia$yEconomia reale 699 $aEconomia$zAttività economiche 699 $aEconomia$zAspetti economici 699 $aEconomia$yEconomia reale 699 $aEconomia$zAttività economiche 699 $aEconomia$zAspetti economici 702 1$aHertner$b, Peter$3CFIV004193 702 1$aMori$b, Giorgio$f <1927-2011>$3CFIV004194 801 3$aIT$bIT-000000$c19860107 850 $aIT-BN0095 $aIT-NA0120 $aIT-NA0452 901 $bNAP IS$cISEM $nSezione di storia economica dell'ex Istituto di storia economica del Mezzogiorno 901 $bNAP 01$cPOZZO LIB.$nVi sono collocati fondi di economia, periodici di ingegneria e scienze, periodici di economia e statistica e altri fondi comprendenti documenti di economia pervenuti in dono. 912 $aCFI0005657 950 0$aBiblioteca Centralizzata di Ateneo$c1 v.$d 01POZZO LIB.ECON MON 8357$e 0101 0000091655E VMA 1 v. (Precedente collocazione: GUERRAZZI B 583)$fB $h20071119$i20071119 977 $a 01$a CR$a IS 996 $aTransizione dall'economia di guerra all'economia di pace in Italia e in Germania dopo la prima guerra mondiale$961671 997 $aUNISANNIO